| 000 | 00343nam a2200121Ia 4500 | ||
|---|---|---|---|
| 008 | 220216s9999 xx 000 0 und d | ||
| 100 | _aPrabhu A M | ||
| 245 | 0 | _aStress relaxation in thermoplastic elastomeric compounds- A critical review | |
| 260 |
_bRubberchem Review _c1992 |
||
| 300 | _aP 36-41 | ||
| 700 | _aSuryanarayanan B | ||
| 942 | _cJS | ||
| 999 |
_c69413 _d69413 |
||